McGraw-Hill encyclopedia of science and technology: T15

Shranjeno v:
Bibliografske podrobnosti
Format: Knjiga
Jezik:Undetermined
Izdano: New York McGraw-Hill 1960
Teme:
Oznake: Označite
Brez oznak, prvi označite!
Thư viện lưu trữ: Trung tâm Học liệu Trường Đại học Cần Thơ
LEADER 00485nam a2200157Ia 4500
001 CTU_19654
008 210402s9999 xx 000 0 und d
082 |a 603 
082 |b E56/T15 
245 0 |a McGraw-Hill encyclopedia of science and technology: T15 
260 |a New York 
260 |b McGraw-Hill 
260 |c 1960 
650 |a technology - encyclopedias and dictionaries 
904 |i Nguyễn Quang Điền, 960601 
980 |a Trung tâm Học liệu Trường Đại học Cần Thơ